Work and people : An economic evaluation of job-enrichment

Wedi'i Gadw mewn:
Manylion Llyfryddiaeth
Prif Awdur: Savall, Henri
Fformat: Llyfr
Iaith:Undetermined
Cyhoeddwyd: Oxford Clarendon Press 1981
Pynciau:
Tagiau: Ychwanegu Tag
Dim Tagiau, Byddwch y cyntaf i dagio'r cofnod hwn!
Thư viện lưu trữ: Trung tâm Học liệu Trường Đại học Cần Thơ
LEADER 00520nam a2200193Ia 4500
001 CTU_77476
008 210402s9999 xx 000 0 und d
082 |a 658.3 
082 |b S263 
100 |a Savall, Henri 
245 0 |a Work and people : 
245 3 |b An economic evaluation of job-enrichment 
245 0 |c Henri Savall 
260 |a Oxford 
260 |b Clarendon Press 
260 |c 1981 
650 |a Personnel management 
904 |i Trọng Hải 
980 |a Trung tâm Học liệu Trường Đại học Cần Thơ